000 00669nam a2200217Ia 4500
001 20171
003 GE_BSU
008 181216s||||||||xx |||||||||||||| ||und||
040 _cGE_BSU
245 _aХимия и жизнь-XXI век. №2. 2017
245 _bЕжемесячный научно-популярный журнал
245 _cГл.ред.Стельникова Л.Н.
260 _aМосква
260 _bНаука Пресс
260 _c2017
300 _a64 стр. 30см. илл.
653 _aПериодика
653 _aХимия и жизнь-XXI век. №2. 2017
653 _aპერიოდიკა
942 _cCR
999 _c53132
_d53132